=LDR 00000nam 2200000 4500 =001 INLIS000000000016633 =005 20130612111912 =008 ***********************************Ind** =035 ##$$a0010-061300000016633 =041 ##$$a Ind =082 ##$$a 001.6 =090 ##$$a 001.6, San b =100 ##$$a Santoso, Singgih =245 ##$$a Buku latihan SPSS statistik multivariat, Singgih Santoso =260 ##$$a 2003 $b Jakarta =300 ##$$a x, 343 hlm, ilus, 22 cm =650 ##$$a Pengolahan Data =850 ##$$a NBPNMAT =990 ##$$a 90614/BPAP-NTB/2014 =990 ##$$a 90632/BPAP-NTB/2014 =990 ##$$a 0001/BPAP-NTB/20142014